00421nam a22001577a 4500003000400000005001700004008004100021020001800062040000900080082002400089100001900113245006900132250001200201260004100213300000900254OSt20210310141903.0210310b ||||| |||| 00| 0 eng d a9780230394445 coclc a338.90091724bTHI/E aThirlwall, A P aEconomics Of Development :bTheory And Evidence /cA P Thirlwall a9th Ed. aLondon:bPalgrave Macmillan, c2011. a678p